[Event "Trans-Europa-Schach-Express 2012"]
[Site "Potsdam GER"]
[Date "2012.10.13"]
[Round "2.7"]
[White "Kindermann,S"]
[Black "Timman,J"]
[Result "1/2-1/2"]
[WhiteElo "2493"]
[BlackElo "2578"]

1.e4 e5 2.Nf3 Nc6 3.Bc4 Bc5 4.c3 Nf6 5.d3 d6 6.Bb3 O-O 7.O-O a6 8.Re1 h6
9.h3 Ba7 10.Nbd2 Ne7 11.Nf1 Ng6 12.Ng3 Re8 13.d4 Bd7 14.Be3 Bc6 15.Bc2 b5
16.Qd2 exd4 17.Bxd4 Ne5 18.Qf4 Ng6 19.Qd2 Ne5 20.Qf4 Ng6  1/2-1/2

[Event "Politiken Cup 2013"]
[Site "Helsingor DEN"]
[Date "2013.07.29"]
[Round "4.6"]
[White "Kristiansen,Jen"]
[Black "Timman,J"]
[Result "1/2-1/2"]
[WhiteElo "2396"]
[BlackElo "2584"]

1.d4 Nf6 2.Nf3 e6 3.e3 c5 4.Bd3 Be7 5.O-O O-O 6.c4 d5 7.Nc3 Nc6 8.cxd5 exd5
9.h3 a6 10.dxc5 Bxc5 11.b3 Qe7 12.Bb2 Rd8 13.Rc1 Ba7 14.Ne2 Ne4 15.Ned4 Bd7
16.Qe2 Bb8 17.Rfd1 Re8 18.Nxc6 bxc6 19.Bxe4 Qxe4 20.Qc2 Qe6 21.Rd4 Qe7 22.Rh4 h6
23.Qc3 f6 24.Qd3 Qf7 25.e4 Qg6 26.Re1 Ba7 27.Bd4 Bb8 28.Bb2 Ba7 29.Bd4 Bb8
30.Bb2  1/2-1/2

[Event "Politiken Cup 2013"]
[Site "Helsingor DEN"]
[Date "2013.07.31"]
[Round "6.5"]
[White "Smerdon,D"]
[Black "Timman,J"]
[Result "1/2-1/2"]
[WhiteElo "2521"]
[BlackElo "2584"]

1.e4 e6 2.d4 d5 3.e5 c5 4.c3 Nc6 5.Nf3 Bd7 6.Bd3 cxd4 7.cxd4 Qb6 8.O-O Nxd4
9.Nbd2 Bc5 10.Nxd4 Bxd4 11.Nf3 Ne7 12.Nxd4 Qxd4 13.Re1 Nc6 14.Be3 Qxe5 15.Bc5 Qg5
16.Qb3 b6 17.Ba3 Na5 18.Qb4 O-O-O 19.h4 Qf6 20.Ba6+ Kb8 21.Qd6+ Ka8 22.Qc7 Bc6
23.Be7 Rd7 24.Qxd7 Bxd7 25.Bxf6 gxf6 26.Rac1 Nb7 27.b4 Kb8 28.Re3 Nd6 29.Rec3 e5
30.Rc7 Rd8 31.f3 d4 32.g4 Bb5 33.Bxb5 Nxb5 34.R7c6 Kb7 35.Kf2 Nc3 36.Rxf6 d3
37.Rxf7+ Kb8 38.Rxc3 d2 39.Rcc7  1/2-1/2

[Event "Politiken Cup 2013"]
[Site "Helsingor DEN"]
[Date "2013.08.02"]
[Round "8.4"]
[White "Hector,J"]
[Black "Timman,J"]
[Result "1/2-1/2"]
[WhiteElo "2509"]
[BlackElo "2584"]

1.e4 e6 2.d4 d5 3.Nc3 Bb4 4.e5 c5 5.Bd2 Ne7 6.a3 Bxc3 7.Bxc3 Nbc6 8.Nf3 cxd4
9.Nxd4 Nxe5 10.Nxe6 Bxe6 11.Bxe5 O-O 12.Qd2 Nc6 13.Bg3 Bg4 14.f3 Re8+ 15.Be2 Bf5
16.Bf2 Qe7 17.Kf1 Qf6 18.c3 Na5 19.Re1 Nc4 20.Bxc4 dxc4 21.Bd4 Qh4 22.g3 Qh5
23.Kf2 Bd7 24.h4 Bc6 25.Qf4 Qb5 26.Qd2 Qf5 27.Qd1 h5 28.Re3 Rxe3 29.Bxe3 Qb5
30.Qc2 Rd8 31.Bd4 Qd5 32.Qe4 Qb5 33.Qc2 Re8 34.Rf1 a6 35.Kg2 Qd5 36.Rf2 Qe6
37.Qd2 Bd7 38.Kg1 Qh3 39.Rg2 f6 40.Qd1 Bc6 41.Kf2 Rd8 42.Rg1 Rd5 43.Rh1 Qd7
44.Re1 Qh3 45.Rh1 Qd7 46.Re1 Rf5 47.Re3 Rb5 48.Qe2 Qh3 49.Qxc4+ Kh8 50.b4 Qh2+
51.Kf1 Qxg3 52.Bc5 Ra5 53.Qf7 Rxa3 54.Re8+  1/2-1/2

[Event "Karpov-Timman Match 2013"]
[Site "Groningen NED"]
[Date "2013.12.28"]
[Round "3"]
[White "Timman,J"]
[Black "Karpov,Ana"]
[Result "1/2-1/2"]
[WhiteElo "2600"]
[BlackElo "2619"]

1.e4 e5 2.Nf3 Nc6 3.Bb5 Nf6 4.O-O Nxe4 5.d4 Nd6 6.Bxc6 dxc6 7.dxe5 Nf5 8.Qxd8+ Kxd8
9.Nc3 Ke8 10.h3 h5 11.b3 Be7 12.Bb2 Nh4 13.Nxh4 Bxh4 14.Rfe1 Bf5 15.Ne4 Rg8
16.e6 Rd8 17.Be5 Bxe6 18.Bxc7 Rd7 19.Bb8 b6 20.Rad1 Be7 21.Bd6 Bxd6 22.Nxd6+ Ke7
23.Nf5+ Kf6 24.Rxd7 Bxd7 25.Ng3 h4 26.Ne4+ Kg6 27.Nd6 Be6 28.f4 Rd8 29.f5+ Bxf5
30.Nxf5 Kxf5 31.Re7 Kf6 32.Rxa7 Rd1+ 33.Kh2 c5 34.a4 Ke5  1/2-1/2

[Event "Tata Steel Challengers"]
[Site "Wijk aan Zee NED"]
[Date "2014.01.12"]
[Round "2.1"]
[White "Timman,J"]
[Black "Saric,Iv"]
[Result "1/2-1/2"]
[WhiteElo "2607"]
[BlackElo "2637"]

1.e4 c5 2.Nf3 d6 3.Nc3 Nc6 4.d4 cxd4 5.Nxd4 Nf6 6.Bg5 a6 7.Qd2 Nxd4 8.Qxd4 Qa5
9.Bd2 Qc7 10.f3 e6 11.O-O-O b5 12.g4 Bb7 13.g5 Nd7 14.Kb1 Rc8 15.Bd3 Ne5
16.Rhf1 Qc5 17.Ne2 h6 18.gxh6 g6 19.f4 Qxd4 20.Nxd4 Nxd3 21.cxd3 Bxh6 22.Bc3 Rh7
23.Rf2 Bf8 24.Nf3 Be7 25.a3 Rh5 26.Bb4 Kd7 27.h4 Bd8 28.Rg2 Bxh4 29.Nxh4 Rxh4
30.Rf2 d5 31.Bc3 dxe4 32.dxe4+ Ke7 33.e5 Bd5 34.Re1 Rc4 35.Bd2 Kd7 36.Rfe2 a5
37.b3 Rd4 38.Kc2 b4 39.axb4 axb4 40.Be3 Re4 41.Bd2 Rd4 42.Be3 Be4+ 43.Kb2 Rd5
44.Bd2 Bf5 45.Ra1 Rd4 46.Be3 Rd5 47.Bd2 Kc6 48.Ra6+ Kb7 49.Ra4 Rd4 50.Be3 Rd1
51.Rxb4+  1/2-1/2

[Event "Tata Steel Challengers"]
[Site "Wijk aan Zee NED"]
[Date "2014.01.13"]
[Round "3.1"]
[White "Yu Yangyi"]
[Black "Timman,J"]
[Result "1-0"]
[WhiteElo "2677"]
[BlackElo "2607"]

1.e4 e5 2.Nf3 Nc6 3.Bb5 a6 4.Ba4 Nf6 5.d3 d6 6.c4 Be7 7.h3 O-O 8.Be3 Nb8
9.O-O c6 10.Nc3 b5 11.Bb3 bxc4 12.dxc4 c5 13.Ba4 Bb7 14.Qc2 Bc6 15.Rfd1 Nfd7
16.a3 Bxa4 17.Qxa4 Nb6 18.Qc2 Qc8 19.b4 N8d7 20.b5 a5 21.a4 Kh8 22.Qd3 Qb7
23.Nd2 g6 24.Bh6 Rfd8 25.Nf1 Nf6 26.Ra2 Ng8 27.Bc1 f5 28.Ne3 f4 29.Ned5 Nf6
30.Nxb6 Qxb6 31.Nd5 Qb7 32.Nxf6 Bxf6 33.Rad2 Be7 34.Bb2 Kg8 35.Bc3 Kf7 36.Rb2 h5
37.b6 Ra6 38.Rb5 Rb8 39.Rdb1 Rba8 40.g3 fxg3 41.fxg3 Kg7 42.Kg2 Bd8 43.Kh2 Qc6
44.b7 Rb8 45.Qf3 Ra7 46.Rf1 Qe8 47.Qd3 Qc6 48.Rfb1 Bc7 49.Qd5 Qxd5 50.exd5 g5
51.g4 h4 52.Kg2 Kg6 53.Kf3 Kf7 54.Ke4 Kf6 55.Bd2 Kg6 56.Be3 Bd8 57.Bxc5 dxc5
58.Kxe5 Ra6 59.Rxc5 Bf6+ 60.Ke4 Re8+ 61.Kd3  1-0

[Event "Tata Steel Challengers"]
[Site "Wijk aan Zee NED"]
[Date "2014.01.16"]
[Round "5.1"]
[White "Bok,B"]
[Black "Timman,J"]
[Result "1/2-1/2"]
[WhiteElo "2560"]
[BlackElo "2607"]

1.e4 e5 2.Nf3 Nc6 3.Bb5 a6 4.Ba4 Nge7 5.c3 g6 6.d4 exd4 7.cxd4 b5 8.Bc2 d5
9.exd5 Nb4 10.Bb3 Nbxd5 11.O-O Bg7 12.Re1 O-O 13.Bg5 Nf6 14.Nc3 Bb7 15.d5 h6
16.Bxf6 Bxf6 17.Qd2 Bg7 18.Rad1 c5 19.dxc6 Nxc6 20.Qc2 Qf6 21.Ne4 Qxb2 22.Qxb2 Bxb2
23.Nd6 Na5 24.Nxb7 Nxb7 25.Bd5 Rab8 26.Re7 Nd6 27.Rd7 Nc8 28.Bb3 Kg7 29.h4 a5
30.R1d2 Bf6 31.a3 a4 32.Ba2 Nb6 33.Rc7 Rbc8 34.Rb7 Rc1+ 35.Kh2 Nc4 36.Bxc4 bxc4
37.g4 c3 38.Rd6 c2 39.Rc6 Rd8 40.g5 hxg5 41.Nxg5 Bxg5 42.hxg5 Rd5 43.Rb2 Ra1
44.Rbxc2 Rxa3 45.f4 Rb3 46.R6c5 Rd4 47.Rf2 a3 48.Ra5 Rb2 49.Rxb2 axb2 50.Rb5 Rd2+
51.Kg3 Kf8 52.Rb7 Ke8 53.f5 gxf5 54.Kf4 Kd8 55.Kxf5 Kc8 56.Rb3 Kd7 57.Kf6 Rf2+
58.Kg7 Ke6 59.Rb5 Kd6 60.Kf8 Kc6 61.Rb3 Kd5 62.Kg7 Kd4 63.Kg8 Ke4 64.Kg7 Ke5
65.Rb5+ Ke6 66.Rb3 f5 67.g6 f4 68.Kf8 Rc2 69.Rb8 Rc8+ 70.Rxc8 b1=Q 71.g7 Qf5+
72.Kg8 Qf7+ 73.Kh8 Qh5+ 74.Kg8 f3 75.Rf8 Qg4 76.Kh7 Qh5+ 77.Kg8 Ke7 78.Rf4 Qh3
79.Rf7+ Kd6 80.Rf6+ Ke5 81.Rf8 Qh5 82.Rf7 Ke6  1/2-1/2

[Event "Tata Steel Challengers"]
[Site "Wijk aan Zee NED"]
[Date "2014.01.19"]
[Round "8.1"]
[White "Troff,Kayden W"]
[Black "Timman,J"]
[Result "1/2-1/2"]
[WhiteElo "2457"]
[BlackElo "2607"]

1.d4 Nf6 2.c4 e6 3.g3 Bb4+ 4.Bd2 c5 5.Bxb4 cxb4 6.Bg2 O-O 7.e4 d6 8.Ne2 Nc6
9.O-O Qb6 10.a3 e5 11.axb4 Bg4 12.f3 exd4 13.fxg4 d3+ 14.Kh1 dxe2 15.Qxe2 Nxb4
16.Nc3 Nd7 17.b3 Ne5 18.g5 a6 19.Qd2 Nbd3 20.Rab1 Qa5 21.Qc2 Nb4 22.Qd2 Na2
23.Qxa2 Qxc3 24.Rfd1 Rfd8 25.Qd2 Qxd2 26.Rxd2 Kf8 27.Bf1 Ke7 28.Be2 Rac8
29.Kg2 Rc5 30.h4 a5 31.b4 axb4 32.Rxb4 Rc7  1/2-1/2

[Event "Tata Steel Challengers"]
[Site "Wijk aan Zee NED"]
[Date "2014.01.22"]
[Round "10.1"]
[White "Goudriaan,E"]
[Black "Timman,J"]
[Result "0-1"]
[WhiteElo "2431"]
[BlackElo "2607"]

1.d4 Nf6 2.c4 e6 3.Nc3 Bb4 4.e3 O-O 5.Bd3 d5 6.Nf3 c5 7.O-O b6 8.cxd5 exd5
9.Ne5 Re8 10.Ne2 c4 11.Bc2 Bd6 12.b3 Qc7 13.Bb2 b5 14.Rc1 Nbd7 15.f4 Nb6
16.Qe1 a5 17.Qh4 Be7 18.f5 b4 19.Rf3 c3 20.Rg3 Ne4 21.Qh5 Bh4 22.Bxe4 Bxg3
23.f6 h6 24.Nxg3 Rxe5 25.dxe5 dxe4 26.Rf1 cxb2 27.fxg7 Kxg7 28.Qh4 Nd5 29.Nh5+ Kf8
30.Nf6 Nxf6 31.exf6 Ra6 32.Qxe4 Be6 33.Rd1 Ke8 34.Qb1 Qe5 35.Qh7 Rd6 36.Rxd6 Qxe3+
37.Kf1 Qf4+  0-1

[Event "Tata Steel Challengers"]
[Site "Wijk aan Zee NED"]
[Date "2014.01.24"]
[Round "11.1"]
[White "Timman,J"]
[Black "Jobava,Ba"]
[Result "1/2-1/2"]
[WhiteElo "2607"]
[BlackElo "2710"]

1.d4 Nf6 2.c4 c5 3.d5 g6 4.Nc3 Bg7 5.e4 O-O 6.Bd3 e6 7.e5 Ne8 8.Nf3 d6 9.Bg5 Qc7
10.Nb5 Qd7 11.dxe6 Qxe6 12.Be3 dxe5 13.Bxc5 e4 14.Ng5 Qe5 15.Nxe4 f5 16.Bxf8 Kxf8
17.O-O fxe4 18.Re1 Bf5 19.Bxe4 Bxe4 20.Nc3 Nf6 21.Nxe4 Nxe4 22.Qf3+ Qf5 23.Qxe4 Qxe4
24.Rxe4 Na6 25.Re2 Rc8 26.Rd1 Rxc4 27.Rd8+ Kf7 28.Rd7+ Kf6 29.g3 Rc7 30.Ree7 Rc1+
31.Kg2 Bf8 32.Rxh7 Bc5 33.Rxb7 Rc2 34.Rhf7+ Ke5 35.a3 Bb6 36.b4 Nc7 37.Rb8 Nd5
38.Re8+ Kd6 39.Rf3 g5 40.h3 Ra2 41.Re4 Nc3 42.Re1 Nd5 43.h4 g4 44.Rf8 Ne3+
45.Kg1 Nc4 46.Rf6+ Kd5 47.Rf5+ Kd6 48.Re4 Nb2 49.Rf6+ Kd5 50.Rxg4 Nd3 51.Rg5+ Ke4
52.Rgf5 Rxa3 53.Kg2 Ra2 54.h5 Be3 55.Rf7 Rb2 56.b5 Rc2 57.R5f6 Bd4 58.Re7+ Kd5
59.Rf5+ Kd6 60.Ref7 Ne5 61.R7f6+ Ke7 62.Rf4 Be3 63.R4f5 Bd4 64.Rf8 Ng4 65.R5f7+ Ke6
66.Rf4 Bc5 67.R8f7 Bd6 68.Rf3 Rb2 69.h6 Rxb5 70.Rg7 Nf6 71.g4 Be5 72.h7 Rb8
73.Rh3 Rh8 74.g5 Nd5 75.Rh6+ Kf5 76.Rg8 Ne7 77.Rxh8 Bxh8 78.f4 Kxf4 79.Re6 Nf5
80.g6 Kg5  1/2-1/2

[Event "Tata Steel Challengers"]
[Site "Wijk aan Zee NED"]
[Date "2014.01.25"]
[Round "12.1"]
[White "Van Delft,M"]
[Black "Timman,J"]
[Result "1/2-1/2"]
[WhiteElo "2430"]
[BlackElo "2607"]

1.e4 e6 2.d4 d5 3.Nd2 a6 4.Ngf3 c5 5.exd5 exd5 6.Be2 c4 7.O-O Bd6 8.Re1 Ne7
9.a4 O-O 10.b3 cxb3 11.cxb3 Nbc6 12.Nf1 h6 13.Ne3 Be6 14.Bd3 Rc8 15.Ba3 Bxa3
16.Rxa3 Nb4 17.Qd2 Nxd3 18.Qxd3 Qa5 19.Rb1 Qb4 20.Raa1 Rc7 21.a5 Rfc8 22.h3 Rc3
23.Qd2 Qb5 24.b4 Nf5 25.Nd1 Rc2 26.Qe1 Qd3 27.Nb2 Qe4 28.Na4 Ng3 29.fxg3 Rxg2+
30.Kxg2 Rc2+ 31.Qf2 Bxh3+ 32.Kg1 Rxf2 33.Kxf2 Bg4 34.Ng1 Qxd4+ 35.Kg2 Qd2+
36.Kh1 Bf5 37.Nc5 Bxb1 38.Rxb1 d4 39.Rb3 g5 40.Nxb7 d3 41.Nc5 Qe1 42.Nxd3 Qxg3
43.Nc5 Qh4+ 44.Kg2 Qg4+ 45.Kf2 Qd4+ 46.Kf1 Qd1+ 47.Kf2 Qd4+ 48.Kf1 Qd1+  1/2-1/2

[Event "Tata Steel Challengers"]
[Site "Wijk aan Zee NED"]
[Date "2014.01.26"]
[Round "13.1"]
[White "Timman,J"]
[Black "Wojtaszek,R"]
[Result "1/2-1/2"]
[WhiteElo "2607"]
[BlackElo "2711"]

1.c4 Nf6 2.Nc3 e5 3.Nf3 Nc6 4.e3 Bb4 5.Qc2 O-O 6.Nd5 Re8 7.Qf5 d6 8.Nxf6+ Qxf6
9.Qxf6 gxf6 10.a3 Bc5 11.b3 a5 12.Bb2 Bb6 13.Be2 Ne7 14.d4 Nc6 15.O-O-O exd4
16.Nxd4 Nxd4 17.Bxd4 Bxd4 18.Rxd4 Rb8 19.Rhd1 Kg7 20.Rh4 Re5 21.Bd3 h6 22.Kd2 Rg5
23.Rg1 Rg4 24.Rh5 Rg5 25.Rh4 Rg4 26.Rh3 Rg5 27.f4 Bxh3 28.fxg5 Be6 29.gxh6+ Kxh6
30.Rf1 Kg7 31.Rf4 Rh8 32.h3  1/2-1/2

[Event "German Pokal Cup 2014"]
[Site "Magdeburg GER"]
[Date "2014.05.11"]
[Round "2.1"]
[White "Naiditsch,A"]
[Black "Timman,J"]
[Result "1-0"]
[WhiteElo "2700"]
[BlackElo "2615"]

1.e4 e5 2.Nf3 Nc6 3.Bc4 Bc5 4.c3 Nf6 5.d4 exd4 6.e5 d5 7.Be2 Ne4 8.cxd4 Bb6
9.O-O O-O 10.Nc3 Be6 11.Na4 f6 12.Be3 Qe7 13.exf6 Qxf6 14.Rc1 Bg4 15.b4 Nxb4
16.Qb3 Qe7 17.Nc5 Bxc5 18.dxc5 Nc6 19.Qxd5+ Kh8 20.Rfe1 Rad8 21.Qb3 Qf6 22.h3 Bh5
23.Ng5 Bg6 24.Nxe4 Bxe4 25.Qc3 Nd4 26.Bg4 Rd5 27.Red1 Rfd8 28.Rd2 Qe5 29.Bxd4 Rxd4
30.Rcd1 Rxd2 31.Qxe5 Rxd1+ 32.Bxd1 Rxd1+ 33.Kh2 Bc6 34.Qxc7 h6 35.Qb8+ Kh7
36.Qxa7 Rd4 37.Qa3 g5 38.f3 Rf4 39.Qe3 Kg6 40.Qe6+ Kg7 41.Kg1 Ra4 42.Qb3 h5
43.g3 h4 44.Qc3+ Kg6 45.Qd3+ Kf6 46.Qd8+ Kf5 47.Qf8+ Kg6 48.f4 gxf4 49.gxf4 Re4
50.Qg8+  1-0

[Event "Politiken Cup 2014"]
[Site "Helsingor DEN"]
[Date "2014.07.25"]
[Round "6.8"]
[White "Timman,J"]
[Black "Carstensen,J"]
[Result "1/2-1/2"]
[WhiteElo "2610"]
[BlackElo "2375"]

1.d4 Nf6 2.c4 e6 3.Nc3 Bb4 4.e3 c5 5.Ne2 d5 6.a3 Bxc3+ 7.Nxc3 cxd4 8.exd4 dxc4
9.Bxc4 Nc6 10.Be3 O-O 11.O-O b6 12.Qd3 Bb7 13.Rad1 h6 14.Rfe1 Qd7 15.Ba2 Rfd8
16.Bb1 Ne7 17.f3 Ng6 18.Qd2 Nd5 19.Bxg6 fxg6 20.Ne4 Nxe3 21.Qxe3 Rac8 22.Nc3 Bd5
23.h4 Qf7 24.Qe5 Rd7 25.Rd2 Qf6 26.Qg3 Rcd8 27.Re5 Kh7 28.Kf2 Rf8 29.Qg4 Qf4
30.Qxf4 Rxf4 31.Kg3 Rf8 32.Nxd5 exd5 33.Rc2 Kg8 34.f4 Rdf7 35.Rxd5 Rxf4 36.Rc7 h5
37.Rg5 Rxd4 38.Rxg6 Rd3+ 39.Kh2 Rf7 40.Rxf7 Kxf7  1/2-1/2

[Event "Xtracon Chess Open 2016"]
[Site "Helsingor DEN"]
[Date "2016.07.25"]
[Round "4.11"]
[White "Haria,R"]
[Black "Timman,J"]
[Result "1/2-1/2"]
[WhiteElo "2394"]
[BlackElo "2559"]

1.Nf3 Nf6 2.g3 d5 3.Bg2 c6 4.c4 Bf5 5.O-O e6 6.cxd5 exd5 7.d3 Bc5 8.Qc2 Na6
9.Nc3 O-O 10.e4 Nb4 11.Qb1 dxe4 12.dxe4 Bg6 13.Nh4 Ng4 14.Nd1 Qd3 15.Qxd3 Nxd3
16.h3 Nf6 17.Nxg6 hxg6 18.Be3 Rfe8 19.Bxc5 Nxc5 20.f3 Rad8 21.Rc1 Nd3 22.Rc4 Nh5
23.Kh2 f5 24.f4 fxe4 25.Rxe4 Rxe4 26.Bxe4 Nxb2 27.Nf2 Kh7 28.Kg2 Rd2 29.Re1 Nf6
30.Bb1 Na4 31.a3 Rb2 32.g4 Nc3 33.Bd3 Nfd5 34.Kf3 Nb5 35.f5 Nd4+ 36.Kg3 gxf5
37.gxf5 Nf6 38.Re3 Nh5+ 39.Kh4 Rxf2 40.Kxh5 Kg8 41.Re7 b5 42.Rxa7 Rf3 43.Be4 Rxh3+
44.Kg4 Rc3  1/2-1/2

[Event "Xtracon Chess Open 2016"]
[Site "Helsingor DEN"]
[Date "2016.07.27"]
[Round "6.3"]
[White "Vovk,A"]
[Black "Timman,J"]
[Result "1/2-1/2"]
[WhiteElo "2637"]
[BlackElo "2559"]

1.e4 e5 2.Nf3 Nc6 3.d4 exd4 4.Nxd4 Nf6 5.Nxc6 bxc6 6.e5 Qe7 7.Qe2 Nd5 8.c4 Nb6
9.Nc3 Ba6 10.Qe4 Qe6 11.f4 d5 12.cxd5 cxd5 13.Nxd5 Nxd5 14.Qa4+ c6 15.Bxa6 Bb4+
16.Kf2 O-O 17.g3 Rad8 18.Qc2 Ba5 19.Bc4 Qh3 20.Bf1 Bb6+ 21.Kf3 Qd7 22.Bc4 Qh3
23.Bf1 Qd7 24.Bc4 Qh3 25.Bf1  1/2-1/2

[Event "Xtracon Chess Open 2016"]
[Site "Helsingor DEN"]
[Date "2016.07.29"]
[Round "8.4"]
[White "Shirov,A"]
[Black "Timman,J"]
[Result "1-0"]
[WhiteElo "2674"]
[BlackElo "2559"]

1.d4 Nf6 2.c4 e6 3.Nf3 Bb4+ 4.Nbd2 b6 5.a3 Bxd2+ 6.Qxd2 Bb7 7.e3 O-O 8.b4 a5
9.b5 c5 10.bxc6 Nxc6 11.Bd3 a4 12.Qc2 Na5 13.Qxa4 Be4 14.Bxe4 Nxe4 15.Bd2 Qc7
16.Bxa5 Rxa5 17.Qb3 Rfa8 18.O-O Ra4 19.Rfc1 h6 20.h3 f5 21.Ne5 d6 22.c5  1-0

[Event "Xtracon Chess Open 2016"]
[Site "Helsingor DEN"]
[Date "2016.07.30"]
[Round "9.12"]
[White "Timman,J"]
[Black "Colpe,M"]
[Result "1/2-1/2"]
[WhiteElo "2559"]
[BlackElo "2385"]

1.e4 d5 2.exd5 Qxd5 3.Nc3 Qd6 4.d4 Nf6 5.Nf3 c6 6.Bg5 Bg4 7.Be2 Nbd7 8.Qd2 e6
9.Bf4 Qb4 10.a3 Qb6 11.O-O Be7 12.Na4 Qd8 13.c4 O-O 14.h3 Bh5 15.Rfd1 b5
16.cxb5 cxb5 17.Bxb5 Bxf3 18.gxf3 Nd5 19.Bg3 Bg5 20.f4 Bh6 21.Bc6 Rc8 22.Bxd5 exd5
23.Re1 Qf6 24.Nc3 Nb6 25.b3 g6 26.Re5 Qc6 27.Re3 Qd6 28.Ne2 Qd7 29.Kg2 Qf5
30.Qd3 Qxd3 31.Rxd3 Rc2 32.Re3 Rfc8 33.a4 Nd7 34.Bh4 Nf8 35.Kf3 Ne6 36.Bf6 Rb2
37.Rd1 Rcc2 38.Be5 Kf8 39.Rc1 Rxc1 40.Nxc1 Ke7 41.Ne2 f6 42.Bb8 a6 43.Nc3 Kf7
44.Nxd5 Rxb3 45.Rxb3 Nxd4+ 46.Ke4 Nxb3 47.Ba7 Bf8 48.f5  1/2-1/2

[Event "4th Basamro Match 2016"]
[Site "Murmansk RUS"]
[Date "2016.10.06"]
[Round "1"]
[White "Karpov,Ana"]
[Black "Timman,J"]
[Result "1/2-1/2"]
[WhiteElo "2628"]
[BlackElo "2565"]

1.d4 Nf6 2.c4 g6 3.Nf3 Bg7 4.g3 O-O 5.Bg2 d6 6.O-O c6 7.Nc3 Bf5 8.Ne1 Be6
9.d5 cxd5 10.cxd5 Bd7 11.h3 Na6 12.Nd3 Qc8 13.Kh2 Nc5 14.Be3 Nxd3 15.Qxd3 Bf5
16.Qb5 h5 17.Bd4 a6 18.Qb4 b5 19.Rfc1 Qb8 20.e4 Bd7 21.Nd1 h4 22.gxh4 e5
23.dxe6 Bxe6 24.Kg1 Qd8 25.Be3 Qd7 26.Kh2 d5 27.e5 Nh5 28.f4 Rad8 29.Nf2 a5
30.Qe1 d4 31.Bd2 Bd5 32.Rc5 Bxg2 33.Kxg2 Rfe8 34.Rac1 Bf8 35.Rc7 Qd5+ 36.Qe4 Qxa2
37.Nd3 Nf6 38.Qf3 Nd5 39.Rb7 Ne3+ 40.Kh2 Qb3 41.Qe2 Rc8 42.Rbc7 Rxc7 43.Rxc7 a4
44.h5 Qe6 45.hxg6 fxg6 46.Qf3 Rc8 47.Rxc8 Qxc8 48.Bxe3 dxe3 49.Qd5+ Kh7 50.Qxb5 Qc2+
51.Kg3 e2 52.Ne1 Qd2 53.Kf2 Qxf4+  1/2-1/2

[Event "4th Basamro Match 2016"]
[Site "Murmansk RUS"]
[Date "2016.10.07"]
[Round "2"]
[White "Timman,J"]
[Black "Karpov,Ana"]
[Result "1/2-1/2"]
[WhiteElo "2565"]
[BlackElo "2628"]

1.Nf3 Nf6 2.g3 d5 3.Bg2 c6 4.c4 Bf5 5.Qb3 Qb6 6.d3 Qxb3 7.axb3 Na6 8.Be3 Bd7
9.Ne5 e6 10.O-O Bd6 11.f4 Ke7 12.Nd2 Rhc8 13.Nxd7 Kxd7 14.Nf3 Ke7 15.Rfc1 Nd7
16.f5 e5 17.cxd5 cxd5 18.Ne1 Rxc1 19.Rxc1 Nc7 20.Nc2 h6 21.Bf2 Nf6 22.Ne3 Kd7
23.g4 g5 24.fxg6 fxg6 25.Bh4 g5 26.Bg3 Re8 27.Nf5 Nb5 28.e3 e4 29.dxe4 Bxg3
30.Nxg3 Nd6 31.Rf1 Nfxe4 32.Bxe4 Nxe4 33.Nf5 Rh8 34.Rd1 Ke6 35.Nd4+ Kd6 36.Rc1 a6
37.b4 h5 38.gxh5 Rxh5 39.Kg2 Rh7 40.b5 axb5 41.Nxb5+ Ke5 42.Rf1 Nd2 43.Rf8 Nc4
44.Re8+ Kf6 45.b3 Nd2 46.Rd8 Nxb3 47.Rxd5 Re7 48.Nd4 Rxe3 49.Nf3 g4 50.Ng1 Re5
51.Rd6+ Kf5 52.Rb6 Nc5 53.Rb4 Re4 54.Rb5 Rc4 55.h3 gxh3+ 56.Nxh3 Ke6 57.Nf2 Kd7
58.Kf3 Kc6 59.Rb2 b5 60.Ke2 b4 61.Nd1 Kb5 62.Rd2 Re4+ 63.Kf3 Rh4 64.Rd8 b3
65.Ke3 Kc4 66.Rc8 Rh2 67.Rc6 Kb4 68.Rc8 Na4 69.Rb8+ Ka3 70.Ra8 Kb4 71.Rb8+ Kc4
72.Rc8+ Nc5 73.Rc6 Rc2 74.Rc8 Ra2 75.Rc6 Rg2 76.Rc8 Rh2  1/2-1/2

[Event "4th Basamro Match 2016"]
[Site "Murmansk RUS"]
[Date "2016.10.09"]
[Round "4"]
[White "Timman,J"]
[Black "Karpov,Ana"]
[Result "1/2-1/2"]
[WhiteElo "2565"]
[BlackElo "2628"]

1.Nf3 Nf6 2.c4 c6 3.g3 d5 4.Bg2 Bg4 5.Ne5 Be6 6.cxd5 Bxd5 7.Nf3 c5 8.Nc3 Bc6
9.O-O e6 10.d4 Nbd7 11.Be3 cxd4 12.Bxd4 Be7 13.Ne5 Bxg2 14.Kxg2 Nxe5 15.Bxe5 Qa5
16.Bxf6 Bxf6 17.Ne4 O-O 18.Nxf6+ gxf6 19.Qd4  1/2-1/2

[Event "CNE ch-NED Rapid 2016"]
[Site "Amstelveen NED"]
[Date "2016.10.30"]
[Round "2.7"]
[White "Sokolov,Ivan"]
[Black "Timman,J"]
[Result "1/2-1/2"]
[WhiteElo "2623"]
[BlackElo "2565"]

1.d4 Nf6 2.c4 e6 3.Nf3 Bb4+ 4.Nbd2 b6 5.a3 Bxd2+ 6.Bxd2 h6 7.g3 Bb7 8.Bg2 O-O
9.O-O d6 10.b4 Nbd7 11.Bc3 Be4 12.Qb3 c6 13.Rfd1 Qc7 14.Rac1 Qb7 15.Bf1 b5
16.Nd2 bxc4 17.Nxc4 Bd5 18.Nxd6 Bxb3 19.Nxb7 Bxd1 20.Rxd1 Nd5 21.Be1 f5 22.Na5 Rac8
23.Bg2 N7f6 24.Rc1 Rc7 25.e3 Re8 26.Nxc6 a6 27.a4 Rb8 28.Rc5 Rbc8 29.b5 axb5
30.axb5 Ne4 31.Ba5 Rb7 32.Bxe4 fxe4 33.Kg2 Kh7 34.g4 Rf8 35.Nd8 Re7 36.Rc6 e5
37.Rc5 Rd7 38.Nc6 exd4 39.Nxd4 Nf4+ 40.exf4 Rxd4 41.Bc7 Rb4 42.b6 Rf7 43.Rc2 Rd7
44.h3 Rd3 45.Re2 Rdb3 46.f5 Rb2 47.Re3 g6 48.fxg6+ Kxg6 49.Kg3 h5 50.Rc3 hxg4
51.hxg4 Kf7 52.Re3 Ke6 53.f3 R2b3 54.Kf4 Rxe3 55.Kxe3 exf3 56.Kxf3 Rb3+ 57.Kf4 Rb1
58.Kg5 Rb4  1/2-1/2

[Event "CNE ch-NED Rapid 2016"]
[Site "Amstelveen NED"]
[Date "2016.10.30"]
[Round "3.1"]
[White "Timman,J"]
[Black "Smeets,J"]
[Result "1/2-1/2"]
[WhiteElo "2565"]
[BlackElo "2598"]

1.Nf3 Nf6 2.g3 e6 3.Bg2 c5 4.c4 Nc6 5.O-O Be7 6.d4 cxd4 7.Nxd4 O-O 8.Nc3 Ne5
9.b3 a6 10.Bb2 d6 11.Qd2 Qc7 12.Rac1 Bd7 13.h3 Rac8 14.Rfd1 Rfd8 15.f4 Ng6
16.e3 Qb8 17.Qe2 Be8 18.f5 Nf8 19.fxe6 fxe6 20.h4 d5 21.cxd5 Qxg3 22.Qf3 Qxh4
23.Qh3 Ng4 24.Qxh4 Bxh4 25.dxe6 Nxe3 26.Bxb7 Nxd1 27.Rxd1 Bh5 28.Rf1 Rc5
29.Ne4 Rc7 30.Bxa6 Bg6 31.Rf4 Be7 32.Bc4 Rxc4 33.bxc4 Rxd4 34.Bxd4 Nxe6 35.Rg4 Bf5
36.Bf6 Bf8 37.Rh4 Kf7 38.Ng5+ Kxf6 39.Nxh7+ Bxh7 40.Rxh7 Ke5 41.Kf2 Kd4 42.Rh4+ Kc5
43.Ke2 Bd6 44.Re4 Nd4+ 45.Kd3 Nc6 46.a3 Be5 47.a4 Bf6 48.Re8 Ne5+ 49.Ke4 Nxc4
50.Rb8 Nd6+ 51.Kf4 Kc6 52.a5 Nc4 53.Rc8+ Kb5 54.a6 Nb6 55.a7 Ka6  1/2-1/2

[Event "CNE ch-NED Rapid 2016"]
[Site "Amstelveen NED"]
[Date "2016.10.30"]
[Round "4.1"]
[White "Timman,J"]
[Black "Van Wely,L"]
[Result "0-1"]
[WhiteElo "2565"]
[BlackElo "2667"]

1.Nf3 Nf6 2.g3 d5 3.Bg2 Bf5 4.c4 e6 5.Qb3 Qc8 6.O-O c6 7.Nc3 Nbd7 8.d4 Bd6
9.Nh4 Bg6 10.Nxg6 hxg6 11.e4 dxe4 12.Nxe4 Nxe4 13.Bxe4 Nf6 14.Bg2 O-O 15.Re1 Rd8
16.Be3 Rd7 17.Rad1 Qd8 18.Bf3 Qa5 19.Kg2 Rad8 20.a3 Be7 21.Qc2 Ne8 22.Bd2 Qa6
23.c5 Rxd4 24.Be2 Qa4 25.Qxa4 Rxa4 26.Bb4 Nf6 27.Rxd8+ Bxd8 28.b3 Rxb4 29.axb4 Nd5
30.b5 Be7 31.Rc1 Kf8 32.Bf3 Nb4 33.Rc4 a5 34.bxa6 Nxa6 35.b4 Bg5 36.Rc2 Nxb4
37.Rc3 Be7 38.Be2 Ke8 39.f4 Kd7 40.h4 Nd5 41.Rc1 Nf6 42.g4 Ne4 43.Bd3 Nxc5
44.Bb1 b5 45.Kf3 Nb3 46.Rd1+ Kc7 47.f5 exf5 48.gxf5 gxf5 49.Bxf5 Bxh4 50.Rd7+ Kb6
51.Kg4 Bf6 52.Rxf7 Nd4 53.Be4 Kc5 54.Kf4 Kc4 55.Rb7 c5 56.Bg6 Kc3 57.Ke4 c4
58.Kd5 Kd2 59.Ra7 c3 60.Ra2+ c2 61.Kc5 Kc3 62.Bxc2 Nxc2 63.Kxb5 Bd4 64.Ra8 Ne3
65.Rg8 Kd3 66.Kc6 Ke4 67.Re8+ Kf5 68.Rf8+ Ke4 69.Rg8 Kf5 70.Rd8 Bf6 71.Re8 Ng2
72.Kd5 g5 73.Kc4 Nf4 74.Kb3 g4 75.Re3 Bd4 76.Rg3 Bf2  0-1

[Event "CNE ch-NED Rapid 2016"]
[Site "Amstelveen NED"]
[Date "2016.10.30"]
[Round "5.5"]
[White "Bok,B"]
[Black "Timman,J"]
[Result "1-0"]
[WhiteElo "2594"]
[BlackElo "2565"]

1.e4 c6 2.d4 d5 3.e5 Bf5 4.Nf3 e6 5.Be2 Ne7 6.O-O h6 7.Nbd2 g5 8.c3 Bg7 9.b4 Nd7
10.Nb3 f6 11.exf6 Bxf6 12.Bd3 g4 13.Ne1 h5 14.Bxf5 Nxf5 15.Nd3 O-O 16.Re1 Re8
17.Bf4 b6 18.f3 gxf3 19.Qxf3 Ng7 20.Bh6 e5 21.Bxg7 Bxg7 22.dxe5 Qg5 23.b5 Nxe5
24.Nxe5 Bxe5 25.Rf1 Rf8 26.Qd3 cxb5 27.Qxd5+ Kh8 28.Kh1 Bf6 29.Rf5 Qg6 30.Rxh5+ Kg7
31.Nd4 Rfe8 32.Nf5+ Kf8 33.Rh6  1-0

[Event "CNE ch-NED Rapid 2016"]
[Site "Amstelveen NED"]
[Date "2016.10.30"]
[Round "6.5"]
[White "Timman,J"]
[Black "Van Foreest,Jorden"]
[Result "1/2-1/2"]
[WhiteElo "2565"]
[BlackElo "2615"]

1.Nf3 Nf6 2.g3 b6 3.Bg2 Bb7 4.O-O g6 5.c4 Bg7 6.d4 O-O 7.d5 Ne4 8.Qc2 f5
9.Nbd2 Nd6 10.e4 e6 11.Re1 Na6 12.e5 Nf7 13.dxe6 dxe6 14.a3 Nc5 15.b4 Nd3
16.Re3 Ndxe5 17.Bb2 Nxf3+ 18.Bxf3 Bxf3 19.Nxf3 Re8 20.Rae1 Qe7 21.Bxg7 Kxg7
22.Qe2 Rad8 23.Rxe6 Qxe6 24.Qxe6 Rxe6 25.Rxe6 Rd3 26.Nh4 Rxa3 27.Rc6 Ra4
28.Rxc7 Rxb4 29.Nf3 Kf6 30.Rxa7 g5 31.Rc7 g4 32.Rc6+ Ke7 33.Nd4 Nd6 34.Rc7+ Kf6
35.Rxh7 Rxc4 36.Rh6+ Ke5 37.Ne2 b5 38.Nf4 Ne4 39.Rb6 Rc1+ 40.Kg2 Rb1 41.h4 gxh3+
42.Nxh3 b4 43.Nf4 b3 44.Rb4 Kd6 45.Nd3 Nc3 46.Kf3 Rd1 47.Nb2 Rb1 48.Rxb3 Ke6
49.Rb6+ Kf7 50.Nc4 Rxb6 51.Nxb6 Kf6 52.Nc4 Ne4 53.Ne3 Ng5+ 54.Ke2 Ne6 55.Ng2 Ke5
56.Ke3 Kf6 57.Nf4 Nc7 58.Kd4 Nb5+ 59.Kd3 Nd6 60.f3 Nf7 61.Ke3 Nd8 62.Ne2 Ne6
63.Nd4 Nc7 64.Kd3 Nd5 65.Ne2 Ne7 66.Ke3 Nd5+ 67.Kd4 Ne7 68.Nf4 Nc6+ 69.Ke3 Ne7
70.Nd3 Nc6 71.Nc5 Ne7 72.Kd4 Ng6 73.f4 Ne7 74.Nb3 Ke6 75.Kc5 Kf6 76.Nd4 Ng8
77.Nf3 Ke7 78.Nd4 Kf6 79.Kd6 Nh6 80.Ne2 Ng4 81.Nc3 Nf2 82.Nd5+ Kf7 83.Ke5 Nh1
84.Ne3 Nxg3 85.Nxf5 Nh5 86.Nd6+ Kf8 87.f5 Ng3  1/2-1/2